Statistieken voor Prof, student en assistent: Quotes en belevenissen

Klik hier om de quiz te nemen!

Algemene statistieken

  • Deze quiz is 54 keer genomen
  • De gemiddelde score is 6 van 10

Antwoordstatistieken

VraagAntwoord% Correct
Prof stuurt om 1.12 s'nachts pas waar het examen op dezelfde dag nog zal doorgaan (en begint de aankondiging met 'moest er nog enige verwarring zijn:').Erik Thoen - Historische Geografie
80%
De lessen sociologie worden steeds opgenomen en online gezet. Een student ging elke pauze dan naar camera die de les opnam, en deed een dab.Viktor Vangansbeke
80%
Tijdens de pauze van een les Klimatologie en Meteorologie, gebruikt deze student zijn bank als enigste hoofdsteun om wat te slapen.Robin Ghekiere
78%
Komt met nen serieus brakken kater naar een verplicht practicum 'Biosfeer: Planten' en moet minstens 4 keer naar het toilet gaan (reden hiervoor is absoluut ongekend).Victor Soenens
70%
Nadat de les is gedaan, kijkt deze prof mee met de studenten naar de loting van de groepen voor het WK 2018.David Dehenauw - Klimatologie en Meteorologie
68%
Quote: 'Ik moet kakken, maar ik heb geen goesting om naart toilet te gaan.'Klaas Broekaert
63%
Deze student komt in de voormiddag zijn examen afleggen, terwijl hij dit eigelijk in de namiddag moest doen.Vincent Leroy
63%
Quote: 'Ik speel graag met mezelf'Arne Degrave
58%
Quote: 'Vandaag lik ik niet meer.'Caroline Beckers
55%
Deze assistent wijkt tijdens zijn uitleg over het vak even uit, en zegt dat het voetbal van Club Brugge vorig weekend tegen Anderlecht helemaal op niks trok (Anderlecht - Club Brugge 2-0 was de eindstand toen).Jorn Koelemaij - Sociale en Economische geografie
23%

Scoreverdeling

Percentiel versus Aantal Correcte Antwoorden

Procent van Mensen met Elke Score

Uw Scoregeschiedenis

U heeft deze quiz nog niet genomen